drapeau du monde #5 - Statistiques

Statistiques générales
  • Ce quiz a été pris 77 fois
  • Le résultat moyen est 21 sur 26
Statistiques - réponses
Par images Réponse % Correct
maroc
96%
mexique
96%
liban
94%
luxembourg
94%
macédoine du nord
94%
malte
93%
monaco
90%
lettonie
89%
lituanie
89%
liechtenstein
84%
laos
83%
moldavie
81%
libye
79%
mali
79%
montenegro
79%
liberia
77%
malaisie
77%
mozambique
76%
madagascar
74%
mauritanie
70%
mongolie
70%
lesotho
69%
malawi
61%
maldives
60%
maurice
57%
micronesie
54%
Aucun quiz correspondant
Distribution des résultats
% des personnes avec chaque résultat
Percentile par nombre de réponses
Votre historique - résultats
Vous n’avez pas pris ce quiz